Uniikki alkukirjain - valtiot maanosittain - Statistics

Yleistilastot
  • Tätä visaa on pelattu 439 kertaa
  • Keskiarvotulos 33 / 40
Vastaustilastot
maanosa alkukirjain valtio % Oikein
Etelä-Amerikka C Chile
94%
Aasia O Oman
94%
Aasia Q Qatar
94%
Etelä-Amerikka A Argentiina
93%
Eurooppa N Norja
93%
Etelä-Amerikka E Ecuador
92%
Etelä-Amerikka U Uruguay
92%
Etelä-Amerikka V Venezuela
92%
Eurooppa Y Yhdistynyt kuningaskunta
92%
Afrikka R Ruanda
90%
Afrikka U Uganda
90%
Afrikka Z Zimbabwe
90%
Oseania A Australia
89%
Eurooppa E Espanja
88%
Pohjois-Amerikka Y Yhdysvallat
88%
Oseania F Fidži
87%
Aasia F Filippiinit
87%
Etelä-Amerikka K Kolumbia
87%
Oseania N Nauru
87%
Oseania V Vanuatu
87%
Aasia Y Yhdistyneet arabiemiirikunnat
85%
Etelä-Amerikka G Guyana
83%
Pohjois-Amerikka J Jamaika
83%
Aasia U Uzbekistan
83%
Afrikka D Djibouti
82%
Etelä-Amerikka S Suriname
82%
Aasia V Vietnam
82%
Oseania U Uusi-Seelanti
81%
Pohjois-Amerikka A Antigua ja Barbuda
79%
Aasia N Nepal
79%
Oseania K Kiribati
78%
Pohjois-Amerikka M Meksiko
76%
Pohjois-Amerikka N Nicaragua
75%
Pohjois-Amerikka P Panama
75%
Pohjois-Amerikka C Costa Rica
73%
Pohjois-Amerikka E El Salvador
73%
Aasia E Etelä-Korea
72%
Aasia G Georgia
70%
Pohjois-Amerikka T Trinidad ja Tobago
70%
Afrikka P Päiväntasaajan Guinea
57%
Ehtoja vastaavia visoja ei löytynyt
Tulosjakauma
Jokaisen tuloksen saaneiden osuus
Persentiili vastausten määrän mukaan
Tuloshistoriasi
Et ole pelannut tätä visaa